000 01361nam a22003491u 4500
001 03479
003 HDC
007 cr bn ---
008 p2015 xx fo d 00 g
040 _aHDC
110 _aInternational Monetary Fund
245 0 _aIslamic Finance:
_bOpportunities, Challenges, and Policy Options
_cby Alfred Kammer, Mohamed Norat, Marco Piñón, Ananthakrishnan Prasad, Christopher Towe, Zeine Zeidane, and an IMF Staff Team
260 _a[No place] :
_b[publisher not identified],
_c2015
300 _a38 pages :
_bIllustrations
336 _atext
_2rdacontent
337 _acomputer
_2rdamedia
338 _aonline resource
_2rdacarrier
650 _aBanking
_xReligious aspects--Islam
_92919
650 _aFinancial regulations
_92920
650 _aMonetary policy
700 _a Mohamed Norat
_eauthor
_92922
700 _a Zeidane, Zeine
_eauthor
_92926
700 _aAlfred Kammer
_eauthor
_92921
700 _aAnanthakrishnan Prasad
_eauthor
_92924
700 _aIMF Staff Team
_eauthor
_92927
700 _aMarco Piñón,
_eauthor
_92923
700 _aTowe, Christopher
_eauthor
_92925
856 _zRequest full-text at [email protected]
942 _2lcc
942 _cEIS
942 _kREPT 000092
999 _c865
_d865